| 000 | 00781nam a22002177a 4500 | ||
|---|---|---|---|
| 003 | OSt | ||
| 005 | 20230516092036.0 | ||
| 008 | 230516b |||||||| |||| 00| 0 eng d | ||
| 040 | _cLado V | ||
| 082 |
_2708 _aK82f |
||
| 100 |
_9826 _aKontova, Helena _eeditora |
||
| 245 | _aFlashArt/ | ||
| 260 |
_aAustralia _aAustria _aBelgica _aCanada _aFrancia _aAlemania _aGran Bretaña _aHolanda _aItalia _aEspaña _aIrlanda _bGEA POLITI _c1980 |
||
| 300 |
_a70p. _c20.5x27.5cm |
||
| 490 |
_a100 _v1980 _x0394-1493 |
||
| 650 |
_2Tesauro de Arte & Arquitectura _aCATALOGO |
||
| 650 |
_2Tesauro de Arte & Arquitectura _aREVISTA |
||
| 650 |
_2Tesauro de Arte & Arquitectura _aARTE INTERNACIONAL |
||
| 650 |
_2Tesauro de Arte & Arquitectura _aCRITICA |
||
| 942 |
_2ddc _c1 _h708 _iK82f _n0 |
||
| 999 |
_c3560 _d3560 |
||